Detalles MARC
| 000 -LEADER |
| fixed length control field |
01917nam a2200385 a 4500 |
| 001 - CONTROL NUMBER |
| control field |
000017142 |
| 003 - CONTROL NUMBER IDENTIFIER |
| control field |
DO-SdBNP |
| 005 - DATE AND TIME OF LATEST TRANSACTION |
| control field |
20220714074418.0 |
| 008 - FIXED-LENGTH DATA ELEMENTS--GENERAL INFORMATION |
| fixed length control field |
100318s2006 dr ac fr 001 0 spa d |
| 020 ## - INTERNATIONAL STANDARD BOOK NUMBER |
| International Standard Book Number |
9993442542 |
| 040 ## - CATALOGING SOURCE |
| Original cataloging agency |
DO-SdBNP |
| Language of cataloging |
spa |
| Transcribing agency |
BNPHU |
| 082 ## - DEWEY DECIMAL CLASSIFICATION NUMBER |
| Classification number |
633.61097293 |
| Item number |
M385s 2006 |
| Edition number |
22 |
| 100 1# - MAIN ENTRY--PERSONAL NAME |
| Personal name |
Martínez, Héctor Luis, |
| Dates associated with a name |
1958- |
| 245 10 - TITLE STATEMENT |
| Title |
San Pedro de Macorís en el renacimiento de la industria azucarera dominicana, 1870-1930 / |
| Statement of responsibility, etc. |
Héctor Luis Martínez ; presentación Alejandro Arvelo. |
| 260 ## - PUBLICATION, DISTRIBUTION, ETC. (IMPRINT) |
| Place of publication, distribution, etc. |
Santo Domingo : |
| Name of publisher, distributor, etc. |
Dirección Gereral de la Feria del Libro, |
| Date of publication, distribution, etc. |
2006. |
| 300 ## - PHYSICAL DESCRIPTION |
| Extent |
171 p. : |
| Other physical details |
il., retrs. ; |
| Dimensions |
22 cm. |
| 490 0# - SERIES STATEMENT |
| Series statement |
Ediciones Ferilibro |
| Volume/sequential designation |
93 |
| 500 ## - GENERAL NOTE |
| General note |
Incluye datos biográficos del autor en la solapa de la cubierta |
| 500 ## - GENERAL NOTE |
| General note |
Incluye referencias bibliográficas y notas al pie de las páginas |
| 504 ## - BIBLIOGRAPHY, ETC. NOTE |
| Bibliography, etc |
Bibliografía :p. 157-164 |
| 504 ## - BIBLIOGRAPHY, ETC. NOTE |
| Bibliography, etc |
Bibliografía: p. 157-163 |
| 505 0# - FORMATTED CONTENTS NOTE |
| Miscellaneous information |
Presentación / |
| Statement of responsibility |
Alejandro Arvelo -- |
| Title |
Introducción -- |
| -- |
Primeros ingenios en San Pedro de Macorís, 1876-1900 -- |
| -- |
De la bonanza azucarera a la crisis de los años veinte -- |
| -- |
La fuerza de trabajo en la industria azucarera de San Pedro de Macorís -- |
| -- |
Conclusiones -- |
| -- |
Anexos -- |
| Miscellaneous information |
Imágenes de Macorís -- |
| -- |
Fuentes. |
| 590 ## - LOCAL NOTE (RLIN) |
| Local note |
Inventariado, 2022/VM |
| 650 #4 - SUBJECT ADDED ENTRY--TOPICAL TERM |
| Topical term or geographic name as entry element |
Caña de azúcar |
| General subdivision |
Cultivo |
| 650 #4 - SUBJECT ADDED ENTRY--TOPICAL TERM |
| Topical term or geographic name as entry element |
Industria de la caña de azúcar |
| General subdivision |
Historia |
| Geographic subdivision |
República Dominicana |
| 650 #4 - SUBJECT ADDED ENTRY--TOPICAL TERM |
| Topical term or geographic name as entry element |
Centrales azucareras |
| 650 #4 - SUBJECT ADDED ENTRY--TOPICAL TERM |
| Topical term or geographic name as entry element |
Azúcar |
| General subdivision |
Comercio |
| Geographic subdivision |
República Dominicana |
| 651 #4 - SUBJECT ADDED ENTRY--GEOGRAPHIC NAME |
| Geographic name |
San Pedro De Macorís (República Dominicana) |
| General subdivision |
Historia local |
| 651 #4 - SUBJECT ADDED ENTRY--GEOGRAPHIC NAME |
| Geographic name |
San Pedro de Macorís (República Dominicana) |
| General subdivision |
Condiciones económicas |
| 700 1# - ADDED ENTRY--PERSONAL NAME |
| Personal name |
Arvelo, Alejandro |
| 710 2# - ADDED ENTRY--CORPORATE NAME |
| Corporate name or jurisdiction name as entry element |
Ingenio Consuelo (San Pedro de Macorís, República Dominicana) |
| 710 2# - ADDED ENTRY--CORPORATE NAME |
| Corporate name or jurisdiction name as entry element |
Direccíon General de la Feria del Libro (República Dominicana) |
| 910 ## - USER-OPTION DATA (OCLC) |
| User-option data |
VMateo V. |
| 942 ## - ADDED ENTRY ELEMENTS (KOHA) |
| Source of classification or shelving scheme |
Dewey Decimal Classification |
| Koha item type |
Libros |